[Event "23rd ETCC Open 2021"]
[Site "Catez"]
[Date "2021.11.12"]
[Round "1.10"]
[White "Vachier-Lagrave, Maxime"]
[Black "Dragnev, Valentin"]
[Result "1-0"]
[WhiteElo "2766"]
[BlackElo "2548"]
[Annotator "TA"]
[PlyCount "83"]
[EventDate "2021.11.08"]
[EventType "team-tourn"]
[EventCountry "SLO"]
[SourceTitle "playchess.com"]
[Source "ChessBase"]
[SourceQuality "1"]
[WhiteTeam "France"]
[BlackTeam "Austria"]
[WhiteTeamCountry "FRA"]
[BlackTeamCountry "AUT"]

{[%evp 9,83,0,0,-11,-17,-5,16,18,5,0,0,8,29,24,34,0,0,0,9,7,70,85,117,45,31,37,
55,6,12,0,18,26,35,23,36,6,26,6,14,14,6,0,25,30,33,16,16,14,13,0,62,53,55,38,
28,31,108,113,137,141,140,144,141,154,134,131,220,226,316,292,483,472,531,523,
456,438]} 1. e4 c5 2. Nf3 d6 3. Nc3 Nf6 4. h3 a6 5. a4 Nc6 6. d4 {B50:
Sicilian: 2...d6, Miscellaneous.} cxd4 7. Nxd4 g6 8. Be3 {The position is
equal.} Bg7 9. g3 O-O 10. Bg2 Bd7 11. O-O Ne5 {[#]} 12. g4 $5 $146 {[%mdl 8]
An interesting novelty.} ({Predecessor:} 12. Nde2 Nc4 13. Bc1 Rc8 14. b3 Ne5
15. Bb2 b5 16. axb5 axb5 17. Nd4 b4 18. Nd5 {1/2-1/2 (40) Nakamura,H (2769)
-Vachier Lagrave,M (2789) Paris 2018}) 12... Rc8 13. Nde2 b5 14. b3 Bc6 (14...
Nexg4 $11 15. hxg4 Nxg4) 15. axb5 $14 axb5 16. Nd5 ({White should try} 16. Nd4
$16) 16... e6 17. Nxf6+ Bxf6 18. f4 Nd7 19. Ra6 {Black must now prevent Rxc6!}
Nb8 (19... Nc5 $2 20. Rxc6 $1 {[%mdl 512]} Rxc6 21. e5 $18) 20. Ra7 Re8 21. Qd2
Re7 22. Rxe7 Bxe7 23. f5 exf5 24. exf5 Bxg2 25. Kxg2 Nd7 26. Nc3 Qa5 27. Nd5
Qxd2+ 28. Bxd2 Bd8 29. c3 Ra8 (29... Rc5 $11 30. Nb4 Bf6) 30. Be3 Bh4 31. Bd4
Ra2+ 32. Kf3 f6 (32... Rh2 $14) 33. Nc7 $16 Nc5 34. b4 (34. Nxb5 $6 Nxb3 35.
Rh1 d5 $11) 34... Nb3 {...Nd2+ is the strong threat.} 35. Be3 Nd2+ 36. Bxd2
Rxd2 {[%mdl 4096] Endgame KRB-KRN} 37. Ke4 Kg7 {[#]} (37... Kf7 $16 {was
called for.}) 38. Rf3 $1 $18 ({Don't do} 38. Nxb5 $6 d5+ 39. Ke3 Bg5+ 40. Kf3
Bh4 $16) 38... Be1 39. Rd3 ({Resist} 39. Nxb5 Kf7 $18) 39... Re2+ $2 (39... d5+
40. Rxd5 Re2+ {[%mdl 64] Discovered Attack} 41. Kd4 Bf2+ 42. Kd3 Re3+ 43. Kc2
Rxh3 44. Rxb5 (44. Nxb5 h5 $16) 44... Bg3 45. Ne6+ Kg8) 40. Kd5 {White is
clearly winning.} gxf5 41. gxf5 Re5+ 42. Kc6 {Weighted Error Value: White=0.08/
Black=0.26} 1-0

[Event "23rd ETCC Open 2021"]
[Site "Catez"]
[Date "2021.11.12"]
[Round "1.11"]
[White "Blohberger, Felix"]
[Black "Lagarde, Maxime"]
[Result "1/2-1/2"]
[WhiteElo "2490"]
[BlackElo "2647"]
[Annotator "TA"]
[PlyCount "28"]
[EventDate "2021.11.08"]
[EventType "team-tourn"]
[EventCountry "SLO"]
[SourceTitle "playchess.com"]
[Source "ChessBase"]
[SourceQuality "1"]
[WhiteTeam "Austria"]
[BlackTeam "France"]
[WhiteTeamCountry "AUT"]
[BlackTeamCountry "FRA"]

{[%evp 16,28,54,54,47,47,50,0,25,0,54,0,30,0,48]} 1. e4 e5 2. Nf3 Nc6 3. Bb5 f5
4. d3 fxe4 5. dxe4 Nf6 6. O-O Bc5 7. Bxc6 bxc6 8. Nxe5 O-O 9. Nc3 d6 {C63: Ruy
Lopez: Schliemann/Jaenisch Defence.} 10. Nd3 $1 {The main line 10.Nd3 scores
better than 10.Na4.} Bd4 {[#]} 11. Nb4 $146 ({Predecessor:} 11. Qe1 Re8 12. Be3
c5 13. f3 d5 14. Bf2 dxe4 15. Nxe4 Nxe4 16. fxe4 c4 17. Bxd4 Qxd4+ 18. Qf2 Rxe4
19. Nc5 Qxf2+ 20. Rxf2 Re8 21. Rf4 {1/2-1/2 (33) Santos Ruiz,M (2597)-Shirov,A
(2662) Linares 2021}) 11... Bc5 12. Nd3 Bd4 13. Nb4 Bc5 14. Nd3 Bd4 $1 {
White got outplayed after the opening.  Weighted Error Value: White=0.23/
Black=0.05} 1/2-1/2

[Event "23rd ETCC Open 2021"]
[Site "Catez"]
[Date "2021.11.12"]
[Round "1.12"]
[White "Moussard, Jules"]
[Black "Shengelia, David"]
[Result "1/2-1/2"]
[WhiteElo "2632"]
[BlackElo "2513"]
[Annotator "TA"]
[PlyCount "132"]
[EventDate "2021.11.08"]
[EventType "team-tourn"]
[EventCountry "SLO"]
[SourceTitle "playchess.com"]
[Source "ChessBase"]
[SourceQuality "1"]
[WhiteTeam "France"]
[BlackTeam "Austria"]
[WhiteTeamCountry "FRA"]
[BlackTeamCountry "AUT"]

{[%evp 9,132,23,12,0,0,0,16,16,15,15,22,0,8,4,28,9,30,-15,-4,-20,-2,-10,0,-6,0,
0,0,0,0,0,0,0,0,0,0,0,0,-19,-17,-27,0,-36,-15,-32,-12,-57,-55,-49,-48,-78,-23,
-116,-116,-123,-96,-158,0,-6,0,0,0,0,0,0,0,0,17,0,0,0,0,0,0,0,0,0,8,8,9,8,8,8,
8,8,6,0,23,0,0,0,0,0,0,0,0,0,0,0,0,0,0,0,0,0,0,0,0,0,0,0,0,0,0,0,0,0,0,0,0,0,0,
0,0,0,0]} 1. e4 c6 2. d4 d5 3. e5 c5 4. Nf3 cxd4 5. Nxd4 Nc6 6. Nxc6 {B12:
Caro-Kann: Advance Variation.} bxc6 7. Bd3 Qc7 8. Qe2 e6 9. O-O Ne7 10. Nd2 {
[#]} Ng6 $146 ({Predecessor:} 10... c5 11. c3 a5 12. Re1 a4 13. Bc2 Nc6 14. h4
c4 15. Rb1 Bd7 16. h5 Be7 {1-0 (58) Hameister,R (2418)-Voveris,S (2399) ICCF
email 2018}) 11. f4 Be7 12. b3 O-O 13. Bb2 a5 14. a4 c5 15. c4 d4 16. Rf3 f5
17. exf6 Rxf6 18. g3 Bb7 19. Be4 Ra6 20. Re1 Rb6 21. Bc1 Rf8 22. Qd3 Bxe4 23.
Rxe4 Rfb8 24. Qe2 Qc6 25. Rf1 Bf6 26. Re1 {[%cal Re4e6]} e5 27. Qg4 {[%cal
Rf4e5]} exf4 28. gxf4 Nf8 29. Qf3 Qd7 (29... Bh4 $17 30. R1e2 Bf6) 30. Ba3 (30.
Qh5 $11) 30... Qf5 $17 31. h3 d3 {And now ...Rxb3 would win.} 32. Bc1 (32. Qg4
$142 g6 33. Bc1) 32... Bc3 $2 (32... Bd4+ $17 33. Kh2 Rh6) 33. Qxd3 $11 Bxd2 (
33... Rxb3 {looks sharper.} 34. R4e3 Qxd3 35. Rxd3 Bd4+ 36. Rxd4 cxd4 37. Nxb3
Rxb3 38. Bd2 Rxh3 39. c5 Rh6) 34. Bxd2 Rxb3 35. Qd5+ Qxd5 36. cxd5 Rd3 37. Bxa5
Rxd5 38. Bc3 Rb3 39. R1e3 Ng6 40. Kf2 Kf7 41. a5 Ra3 42. Be1 Ra1 43. Rb3 Rd7
44. Rc4 Ra2+ 45. Kf3 Ra1 46. Bc3 Rf1+ 47. Ke3 Ne7 48. Ke2 Rh1 {The position is
equal.} 49. Rxc5 Rxh3 50. a6 {[#] Strongly threatening Rb7.} Nd5 51. Rb7 Nxc3+
52. Rxc3 {[%mdl 4096] Endgame KRR-KRR} Rh2+ 53. Ke3 Rxb7 54. axb7 {KR-KR} Rb2
55. Rc7+ Kf6 56. Kd4 h5 57. Kc5 {[#] Black must now prevent Rc6+.} Kf5 58. Rf7+
Ke4 59. Rd7 {Threatens to win with Rd4+.} Rc2+ 60. Kb4 (60. Kb5 {seems wilder.}
h4 61. Re7+ Kf3 62. Rxg7 Rb2+ 63. Ka6) 60... Rc1 $1 61. Rxg7 (61. Re7+ {
is interesting.} Kf3 62. f5 Rb1+ 63. Kc5 Kf4 64. Rf7) 61... Rb1+ 62. Kc3 Kxf4
63. Rc7 Ke5 64. Kc2 Kd6 65. Rh7 Rb5 66. Rxh5 Rxb7 {Weighted Error Value:
White=0.12/Black=0.11} 1/2-1/2

[Event "23rd ETCC Open 2021"]
[Site "Catez"]
[Date "2021.11.12"]
[Round "1.13"]
[White "Duda, Jan-Krzysztof"]
[Black "Hillarp Persson, Tiger"]
[Result "1-0"]
[WhiteElo "2756"]
[BlackElo "2528"]
[Annotator "TA"]
[PlyCount "63"]
[EventDate "2021.11.08"]
[EventType "team-tourn"]
[EventCountry "SLO"]
[SourceTitle "playchess.com"]
[Source "ChessBase"]
[SourceQuality "1"]
[WhiteTeam "Poland"]
[BlackTeam "Sweden"]
[WhiteTeamCountry "POL"]
[BlackTeamCountry "SWE"]

{[%evp 12,63,18,30,33,33,41,30,20,32,25,29,39,22,34,16,65,54,57,29,94,47,158,
163,170,166,251,253,435,416,618,638,613,476,603,607,906,445,436,445,445,432,
426,432,450,451,441,433,452,445,646,454,421,378]} 1. e4 c5 2. Nf3 d6 3. d4 cxd4
4. Nxd4 Nf6 5. Nc3 a6 6. h3 e6 7. g4 Be7 {B81: Sicilian Scheveningen: Keres
Attack.} 8. g5 Nfd7 9. Be3 b5 {White has an edge.} 10. a3 Bb7 11. h4 $1 {
11.h4 is better than 11.Qd2.} Nc6 12. Rg1 O-O 13. h5 Nc5 14. Qg4 Ne5 15. Qg2 {
[#]} Rc8 $146 (15... Rb8 $11) ({Predecessor:} 15... Rb8 16. O-O-O Qa5 17. f4
Nc6 18. g6 fxg6 19. hxg6 h6 20. Nxc6 Bxc6 21. Qg4 b4 22. Bxc5 bxc3 23. Qxe6+ {
1/2-1/2 (43) Duchardt,A (2321)-Hunger,H (2343) ICCF email 2017}) 16. f4 {
Threatens to win with h6. Black is now going downhill.} Nc4 (16... Nc6 $14) 17.
Bxc4 $16 bxc4 18. O-O-O Qb6 {[#]} (18... Qa5 {keeps fighting.} 19. f5 Nxe4) 19.
f5 $1 $18 Rb8 $2 (19... e5) 20. f6 $1 Bd8 (20... Ba8 $142 21. fxe7 Rfe8) 21.
fxg7 {White is clearly winning.} Kxg7 {intending ...Ba8.} 22. g6 Bf6 23. Rdf1 {
gxf7+ would kill now.} fxg6 {[#] Strongly threatening ...Bxe4!} 24. hxg6 (24.
Nxe6+ $142 $1 {[%mdl 512]} Kg8 (24... Kf7 25. Nxf8) 25. Bxc5 Qxb2+ 26. Kxb2
Bxe4+ 27. Ka2 Bxg2 28. Rxg2 Bxc3 29. Rxf8+ Rxf8 30. Nxf8 dxc5 31. hxg6 hxg6 32.
Ne6) 24... Qxb2+ 25. Kxb2 {White wants to mate with Bh6+!} Bxe4+ 26. Ka2 Bxg2
27. gxh7 ({Weaker is} 27. Rxg2 hxg6 28. Rfg1 Kf7 $16) 27... Kh8 28. Rxg2 Bg7
29. Rfg1 Rb7 30. Nde2 Kxh7 (30... Rf3 $142 31. Bxc5 dxc5) 31. Bd4 {[%cal Rd4g7]
} Rff7 32. Rg4 {Weighted Error Value: White=0.37/Black=0.49} 1-0

[Event "23rd ETCC Open 2021"]
[Site "Catez"]
[Date "2021.11.12"]
[Round "1.14"]
[White "Blomqvist, Erik"]
[Black "Piorun, Kacper"]
[Result "0-1"]
[WhiteElo "2542"]
[BlackElo "2634"]
[Annotator "TA"]
[PlyCount "76"]
[EventDate "2021.11.08"]
[EventType "team-tourn"]
[EventCountry "SLO"]
[SourceTitle "playchess.com"]
[Source "ChessBase"]
[SourceQuality "1"]
[WhiteTeam "Sweden"]
[BlackTeam "Poland"]
[WhiteTeamCountry "SWE"]
[BlackTeamCountry "POL"]

{[%evp 11,76,18,46,10,21,0,0,0,21,2,16,16,27,18,33,6,12,3,28,22,14,0,0,0,0,0,
-7,-18,-12,-12,-14,-18,-13,-45,-55,-131,-140,-199,-199,-264,-262,-331,-328,
-309,-204,-304,-285,-300,-272,-413,-416,-414,-400,-412,-420,-518,-483,-474,
-467,-1022,-1007,-2900,-1190,-1158,-983,-1095,-941]} 1. e4 c6 2. d4 d5 3. exd5
cxd5 4. Bd3 Nc6 5. c3 Qc7 6. h3 g6 7. Nf3 {B13: Caro-Kann: Exchange Variation
and Panov-Botvinnik Attack.} Bf5 8. Be2 {is currently scoring better than 8.
0-0.} Nf6 9. O-O {The position is equal.} Bg7 10. Be3 h6 $5 {[%mdl 4] [#]
Exploring less charted territory.} 11. Re1 $146 ({Predecessor:} 11. Nbd2 g5 12.
Nh2 e6 13. Nb3 Ne4 14. Nf3 Bf6 15. Nfd2 O-O-O 16. Nxe4 dxe4 17. Bh5 {1/2-1/2 
(59) Blomqvist,E (2535)-Kosteniuk,A (2474) Chess.com INT 2021}) 11... Rd8 12.
Nbd2 O-O 13. Rc1 g5 14. b4 a6 15. a4 e6 16. b5 axb5 17. axb5 Ne7 {[%cal Bc6e7,
Be7d5,Bd5f6,Bf6e4][%mdl 32]} 18. Ne5 Ne4 19. Nxe4 dxe4 20. Nc4 Nd5 21. Bd2 Bg6
22. Bf1 f5 23. Qb3 {Black converts the advantage convincingly.} (23. f3 $15)
23... f4 $1 $17 24. Qc2 {[#]} (24. Red1 $17 {was necessary.}) 24... Bh7 $1 $19
25. Rxe4 {[#]} (25. Qa2 {was worth a try.}) 25... Nf6 $1 {[%cal Rf6e4][%mdl 64]
Pin} (25... Bxe4 26. Qxe4 Rfe8 27. Bd3 $14) 26. Rce1 Nxe4 (26... Bxe4 27. Rxe4
Nxe4 28. Qxe4 $17) 27. Rxe4 Qd7 ({Weaker is} 27... Bxe4 28. Qxe4 Ra8 29. Qxe6+
Qf7 30. Qe1 $17) 28. Bd3 (28. Nb6 {might work better.} Qc7 29. Nc4) 28... Bxe4
29. Bxe4 Qxb5 30. Nb2 (30. Na3 $142 Qb6 31. Qd3) 30... Ra8 31. Nd3 Qa4 32. Qxa4
Rxa4 33. Bxb7 Bxd4 {Black is clearly winning.} 34. cxd4 Rxd4 35. Nc5 (35. Ba6
$142 Rfd8 36. Ba5 Rxd3 37. Bxd8 Rxd8 38. Kh2) 35... Rxd2 36. Nxe6 Re8 37. Nc5
Re1+ 38. Kh2 Kg7 {Weighted Error Value: White=0.63/Black=0.30} 0-1

[Event "23rd ETCC Open 2021"]
[Site "Catez"]
[Date "2021.11.12"]
[Round "1.15"]
[White "Moranda, Wojciech"]
[Black "Johansson, Linus"]
[Result "1-0"]
[WhiteElo "2623"]
[BlackElo "2479"]
[Annotator "TA"]
[PlyCount "83"]
[EventDate "2021.11.08"]
[EventType "team-tourn"]
[EventCountry "SLO"]
[SourceTitle "playchess.com"]
[Source "ChessBase"]
[SourceQuality "1"]
[WhiteTeam "Poland"]
[BlackTeam "Sweden"]
[WhiteTeamCountry "POL"]
[BlackTeamCountry "SWE"]

{[%evp 9,83,18,41,39,39,38,42,39,36,39,33,27,36,22,40,35,40,27,60,55,66,55,50,
9,23,22,49,18,37,20,55,35,45,0,0,-17,-8,-31,0,-62,-22,-58,37,37,37,37,37,7,0,0,
56,33,39,58,53,71,347,354,302,333,364,341,330,314,459,458,473,414,602,520,877,
753,794,750,746,734]} 1. d4 Nf6 2. c4 e6 3. Nf3 b6 4. g3 Ba6 5. Qc2 Bb4+ 6. Bd2
{E15: Queen's Indian: 4 g3 sidelines, 4 g3 Ba6 and 4 g3 Bb7 early deviations.}
Be7 7. e4 d5 8. cxd5 {White is slightly better.} Bxf1 $1 9. Kxf1 {aiming for
Nc3.} exd5 10. e5 Ne4 11. Nc3 Nxd2+ 12. Nxd2 {was the old line (12.Qxd2).} Qd7
13. f4 Nc6 14. Nf3 g6 {[#]} 15. Rc1 $146 ({Predecessor:} 15. Qa4 O-O 16. Kg2 a6
17. Rac1 Rfd8 18. Rhd1 b5 19. Qc2 Na5 20. Rd3 Rac8 21. Qe2 {1-0 (42) Ushenina,
A (2474)-Cmilyte,V (2467) Plovdiv 2008}) 15... Nd8 16. Ne2 c5 17. Kg2 h5 18.
dxc5 bxc5 19. Rhd1 Rb8 20. b3 d4 21. Qe4 (21. Nc3 $5) 21... h4 22. Kf2 Qg4 23.
Rc4 Ne6 24. Ra4 (24. Rg1 $1 $11) 24... Kf8 25. Rxa7 Ng5 26. Nxg5 $14 hxg3+ 27.
hxg3 Rh2+ 28. Ke1 Bxg5 29. e6 $1 {[%mdl 64] [#] Decoy} fxe6 (29... Be7 $11 30.
exf7 Bf6 {[%mdl 64] Remove Defender}) 30. Qe5 $1 $40 {[%cal Re5b8][%mdl 192]
Double Attack. White mounts an attack.} Rxe2+ $1 {[%mdl 64] Remove Defender}
31. Qxe2 Qxg3+ 32. Qf2 Qxf4 {[%mdl 8192] Loses the game.} (32... Qc3+ $16 33.
Rd2 (33. Kf1 Bh4 $14) 33... Bf6) 33. Qxf4+ $18 Bxf4 $16 {[%mdl 4096] Endgame
KRR-KRB} 34. Ke2 e5 35. Rh1 {[%cal Rh1h8] [#]} Kg8 36. Kd3 g5 (36... Re8 $142
37. Ke4 d3 38. Kxd3 c4+ 39. bxc4 Rd8+ 40. Kc2 Be3) 37. Rhh7 $18 Re8 {intending
...e4+.} 38. Ke4 Rd8 (38... Ra8 $142 39. Rxa8+ Kxh7) 39. a4 {a5 is the strong
threat.White is clearly winning.} g4 (39... Bd2 $142 40. Rag7+ Kf8 41. Rf7+ Kg8
) 40. Rag7+ Kf8 41. Rxg4 Rd6 42. Rgg7 {Weighted Error Value: White=0.10/
Black=0.44} 1-0

[Event "23rd ETCC Open 2021"]
[Site "Catez"]
[Date "2021.11.12"]
[Round "1.16"]
[White "Seo, Jung Min"]
[Black "Teclaf, Pawel"]
[Result "1/2-1/2"]
[WhiteElo "2455"]
[BlackElo "2543"]
[Annotator "ChessBase"]
[PlyCount "60"]
[EventDate "2021.11.08"]
[EventType "team-tourn"]
[EventCountry "SLO"]
[SourceTitle "playchess.com"]
[Source "ChessBase"]
[SourceQuality "1"]
[WhiteTeam "Sweden"]
[BlackTeam "Poland"]
[WhiteTeamCountry "SWE"]
[BlackTeamCountry "POL"]
[TimeControl "40/5400+30:1800+30"]

1. d4 Nf6 2. c4 e6 3. Nf3 b6 4. g3 Ba6 5. b3 Bb7 6. Bg2 Bb4+ 7. Bd2 a5 8. O-O
O-O 9. Nc3 d6 10. d5 Bxc3 11. Bxc3 e5 12. Nd2 b5 13. cxb5 Nxd5 14. Bb2 Qc8 15.
Nc4 Nf6 16. Bxb7 Qxb7 17. b6 d5 18. Nxe5 Qxb6 19. Qc2 c5 20. Nd3 Na6 21. Bxf6
Qxf6 22. Rac1 Rac8 23. Nf4 d4 24. Nd3 Nb4 25. Qd2 Qb6 26. Nxb4 axb4 27. e3 dxe3
28. Qxe3 Rfe8 29. Qf3 Qa6 30. Rc2 g6 1/2-1/2

[Event "23rd ETCC Open 2021"]
[Site "Catez"]
[Date "2021.11.12"]
[Round "1.17"]
[White "Christiansen, Johan-Sebastian"]
[Black "McShane, Luke J"]
[Result "1-0"]
[WhiteElo "2582"]
[BlackElo "2667"]
[Annotator "TA"]
[PlyCount "69"]
[EventDate "2021.11.08"]
[EventType "team-tourn"]
[EventCountry "SLO"]
[SourceTitle "playchess.com"]
[Source "ChessBase"]
[SourceQuality "1"]
[WhiteTeam "Norway"]
[BlackTeam "England"]
[WhiteTeamCountry "NOR"]
[BlackTeamCountry "ENG"]

{[%evp 12,69,10,15,50,50,58,51,48,62,71,29,193,181,178,179,119,64,116,113,152,
145,126,107,136,122,185,148,186,180,235,175,252,256,281,279,312,282,321,330,
333,323,356,356,487,453,520,512,544,542,622,620,1245,657,646,647,632,629,773,
664]} 1. e4 e5 2. Nf3 Nc6 3. d4 exd4 4. Nxd4 Bc5 5. Be3 Qf6 6. c3 Nge7 7. Bc4
h5 {[#] 7...0-0 is a critical line. C45: Scotch Game.} 8. O-O $146 ({
Predecessor:} 8. Nc2 b6 9. Nd2 Ne5 10. Be2 g5 11. Nf3 Nxf3+ 12. Bxf3 Qg6 13. h3
Ba6 14. Qd2 Bxe3 15. Nxe3 {0-1 (48) Munoz,C (2033)-Murillo Tsijli,A (2286) San
Jose 2010}) 8... Ne5 9. Bb3 a6 {White is slightly better.} 10. Nd2 d6 $1 11.
Qe2 Ng4 $2 (11... Bg4 $11 12. f3 Bd7) 12. h3 $36 {[%mdl 2048] White is really
pushing.} Qg6 13. hxg4 hxg4 {( -> ...Qh7)} 14. Bf4 ({Weaker is} 14. Ba4+ b5 $17
) (14. f4 $16) 14... Nc6 {[#]} (14... Ba7 $14) 15. Qe3 $1 $16 Ne5 16. Rfd1 Bd7
{Threatening ...Qh7.} 17. Nf1 O-O-O 18. Ng3 f6 (18... Rde8 $16 19. a4 (19. Bxe5
dxe5 20. Rac1 f6 $17) 19... Bc6) 19. Qd2 ({And not} 19. Bxe5 fxe5 20. Ndf5 Qf6
$11) 19... Qh7 {[#] ...Bxd4 is the strong threat.} 20. Kf1 Bb6 (20... g5 $142)
21. Be6 g5 (21... Bxe6 $142 22. Nxe6 Rde8) 22. Bxd7+ $18 Rxd7 23. Be3 Nc4 24.
Qc2 Qf7 25. Ndf5 Nxe3+ 26. Nxe3 Qe6 27. Qb3 Qe5 28. Rd5 {White is clearly
winning.} Qe8 29. Nxg4 Rdh7 {White should prevent ...Rh1+.} 30. Ke2 Rh4 31.
Nxf6 Qg6 32. Rf5 {Strongly threatening Qe6+.} Kb8 33. Nd7+ Ka7 34. Qf7 Qh6 35.
Rf6 {Weighted Error Value: White=0.26/Black=0.44} 1-0

[Event "23rd ETCC Open 2021"]
[Site "Catez"]
[Date "2021.11.12"]
[Round "1.18"]
[White "Jones, Gawain C B"]
[Black "Urkedal, Frode Olav Olsen"]
[Result "1-0"]
[WhiteElo "2654"]
[BlackElo "2569"]
[Annotator "TA"]
[PlyCount "101"]
[EventDate "2021.11.08"]
[EventType "team-tourn"]
[EventCountry "SLO"]
[SourceTitle "playchess.com"]
[Source "ChessBase"]
[SourceQuality "1"]
[WhiteTeam "England"]
[BlackTeam "Norway"]
[WhiteTeamCountry "ENG"]
[BlackTeamCountry "NOR"]

{[%evp 14,101,33,29,21,26,27,6,34,14,7,10,19,18,35,7,8,6,7,6,46,50,39,4,8,4,6,
4,16,7,0,0,0,0,0,0,1,0,0,0,0,0,0,0,0,0,3,0,4,4,4,4,5,0,0,0,0,0,0,0,0,0,8,10,66,
62,72,68,287,187,764,596,5481,5481,1640,935,928,923,854,799,916,453,720,901,
719,707,1262,1264,919,410]} 1. e4 e5 2. Nf3 Nc6 3. Bc4 Nf6 4. Ng5 d5 5. exd5
Na5 6. Bb5+ c6 7. dxc6 bxc6 8. Bd3 $1 {[%mdl 4] is now more promising than 8.
Be2.} Nd5 {C58: Two Knights: 4 Ng5 d5 5 exd5 Na5 sidelines.} 9. Nf3 Bd6 10. O-O
Nf4 {The position is equal.} 11. Nc3 Nxd3 12. cxd3 O-O 13. Ne4 Re8 {[#]} 14. d4
$146 ({Predecessor:} 14. Qa4 Bf8 15. b4 Nb7 16. Qxc6 Rb8 17. Qc3 Nd6 18. Rb1
Nb5 19. Qa1 Qxd3 20. Re1 {0-1 (30) Hoffmann,J (1911)-Arndt,M (2120) Kiel 2018})
14... exd4 15. Nxd6 Qxd6 16. Qa4 Qd5 {[#] And now ...Bg4 would win.} 17. d3 Bf5
18. Bf4 Bxd3 19. Rfd1 Nc4 $36 {[%mdl 2048] Black has the initiative.} 20. Qb3
Be2 {[%cal Re2d1]} 21. Rxd4 Qb5 22. h4 Qxb3 23. axb3 Nxb2 24. Ra2 c5 $1 {
[%cal Rc5d4]} 25. Rd5 (25. Rd6 {looks sharper.} Nd3 26. Be3 Bxf3 27. Rxd3 Be4
28. Rc3) 25... Nd3 26. Rxe2 Nxf4 27. Rxe8+ Rxe8 28. Rxc5 $11 {[%mdl 4096]
Endgame KRN-KRN} Rb8 29. Rc7 a5 30. Ra7 Ne2+ 31. Kh2 Nc1 32. Nd4 g6 33. h5 Kg7
34. f4 Rb6 35. h6+ Kxh6 36. Rxf7 Nxb3 37. Nf3 {Ng5 would kill now.} g5 38. Nxg5
Ra6 ({Black should play} 38... Kg6 $11 39. Rxh7 Ra6) 39. Nf3 $1 $14 {Black
must now prevent g4.} Nc5 {[#]} (39... a4 $2 40. g4 $18) 40. g4 $1 {[%cal
Rg4g5]} Ne4 {Loses the game.} ({Don't go for} 40... a4 $2 41. g5+ Kh5 42. Ne5
$18) ({Black should try} 40... Rb6 $1 $14) 41. Re7 Nf6 (41... a4) 42. Kg3 {
White is clearly winning.} Ng8 43. g5+ Kh5 44. Rxh7+ Kg6 45. Rb7 {aiming for
Nh4+.} Kf5 46. Rb5+ Ke4 47. Re5+ Kd3 48. Re8 a4 49. Ne5+ Ke4 50. Nc6+ Kf5 51.
Nd4+ {Weighted Error Value: White=0.13/Black=0.17} 1-0